住友

Đã lưu trong:
书目详细资料
主要作者: 鈴木謙一(すずき けんいち)
格式: 图书
语言:Undetermined
出版: 東京 中央公論社 1970
主题:
标签: 添加标签
没有标签, 成为第一个标记此记录!
Thư viện lưu trữ: Trung tâm Học liệu Trường Đại học Cần Thơ
LEADER 00489nam a2200193Ia 4500
001 CTU_94425
008 210402s9999 xx 000 0 und d
082 |a 338.8 
082 |b S968 
100 |a 鈴木謙一(すずき けんいち) 
245 0 |a 住友 
245 0 |c 鈴木謙一 
260 |a 東京 
260 |b 中央公論社 
260 |c 1970 
650 |a Corporations 
650 |x Japan 
904 |i Ngoc 
980 |a Trung tâm Học liệu Trường Đại học Cần Thơ